| 000 | 01032nam a2200265Ia 4500 | ||
|---|---|---|---|
| 003 | OSt | ||
| 005 | 20221005110901.0 | ||
| 006 | a|||||r|||| 00| 0 | ||
| 007 | ta | ||
| 008 | 221004b |||||||| |||| 00| 0 hin d | ||
| 020 |
_a9788171789443 (hbk) _c225 |
||
| 024 | _a11061 | ||
| 037 |
_bBR8177, 20/03/2014, Rajkamal Prakashan Pvt. Ltd. _cTextual |
||
| 040 |
_aCRL _cCRL _bhin |
||
| 041 |
_2hin _ahin |
||
| 082 | _aO156,3M87,LO, 152L0;Q2 | ||
| 100 | _aमुंशी, कन्हैयालाल माणिकलाल | ||
| 245 | 0 | _aलोमहर्षिणी | |
| 246 | _aLomaharṣhiṇī | ||
| 260 |
_aनई दिल्ली _bराजकमल प्रकाशन भारत _c2012 |
||
| 300 |
_a258पृ0 _ccm. |
||
| 650 | _aगुजराती साहित्य | ||
| 942 |
_hO156,3M87,LO, 152L0;Q2 _cTEXL _2cc |
||
| 999 |
_c1020181 _d1020181 |
||